Statistics for Name All of the Ability Wars Skins

Click here to take the quiz!

General Stats

  • This quiz has been taken 75 times
    (55 since last reset)
  • The average score is 28 of 67

Answer Stats

CostAnswerBadge Required% Correct
0DefaultNo
85%
50CoffeeNo
82%
100000PlasmaNo
79%
0God punchRobux
76%
6000BurgerYes and Secret Skin
70%
0Double JumpJoin the group
70%
20000FreezeNo
70%
6000Devour of SoulsNo
64%
0CheeseSecret Skin
61%
150Energy DrinkNo
61%
1700MushroomNo
61%
100TeleportationNo
61%
0KickShop Skin
58%
1449MoaiNo
58%
2000JesterSecret Skin
55%
25000MechYes
55%
40000QuantumNo
55%
0UFOYes
52%
4000PlantNo
48%
60000RailgunNo
48%
10000BionicNo
45%
500GravityNo
45%
1200MagnetNo
45%
12000TimeNo
45%
0TreeYes
45%
0EngineerYes
42%
375ShiftNo
42%
4500Blood GodNo
39%
0CakeYes
39%
2150DeflectNo
39%
600GlueNo
39%
4250LavaNo
39%
0LemonYes
39%
2000OverchargeNo
39%
1SeatSecret Skin
39%
13000ArmyYes
36%
1150BuffNo
36%
200DiscombobulateNo
36%
1000RobotNo
36%
2650StoneNo
36%
1850Bounty HunterNo
33%
775GrappleNo
33%
2500HivemindYes
33%
0RabbitYes
33%
250RandomYes
33%
700SoapNo
33%
2800UnoNo
33%
12000AlchemistYes
30%
650BoomerangNo
30%
6000ComboYes
30%
800EggYes
30%
3100MeteorNo
30%
5000PortalYes
30%
850ShackleNo
30%
1200SlimeNo
30%
2300BarrierNo
27%
0SpringYes
27%
8000StormNo
27%
0BombYes
24%
10000BubbleYes
24%
7750JelloYes
24%
0SpectatorSecret Skin
24%
2500StaticNo
24%
3000SpectralYes
21%
8000ReturnYes
18%
7000MysticYes
15%
7000CrystalNo
9%

Score Distribution

Percentile by Number Answered

Percent of People with Each Score

Your Score History

You have not taken this quiz since the last reset